Organizačné kultúry teória

Gespeichert in:
Bibliographische Detailangaben
1. Verfasser: Šajgalíková, Helena
Weitere Verfasser: Bajzíková, Ľubica
Format: Buch
Sprache:Slowakisch
Veröffentlicht: Bratislava Vydavateľstvo Ekonóm 2000
Ausgabe:2. preprac. a dopl. vyd.
Schlagworte:
Tags: Tag hinzufügen
Keine Tags, Fügen Sie das erste Tag hinzu!

MARC

LEADER 00000nam a2200000 4500
001 c123701
005 20221123133236.5
020 |a 80-225-1268-0 
041 0 |a slo 
044 |a SK 
245 1 0 |a Organizačné kultúry  |b teória  |c Helena Šajgalíková, Ľubica Bajzíková 
250 |a 2. preprac. a dopl. vyd. 
264 1 |a Bratislava  |b Vydavateľstvo Ekonóm  |c 2000 
300 |a 162 s. 
610 2 0 |a kultúra podniková 
610 2 0 |a kultúra pracoviska 
610 2 0 |a kultúra práce 
610 2 0 |a kultúra procesu pracovného 
610 2 0 |a kultúra 
610 2 0 |a vedenie 
610 2 0 |a vedenie podniku 
610 2 0 |a riadenie 
100 1 |a Šajgalíková, Helena 
700 1 |a Bajzíková, Ľubica